Derecho sucesorio
שמור ב:
| מחבר ראשי: | |
|---|---|
| פורמט: | לא ידוע |
| שפה: | אנגלית |
| יצא לאור: |
Thomson Reuters
2020
|
| מהדורה: | Novena edición actualizada |
| נושאים: | |
| תגים: |
הוספת תג
אין תגיות, היה/י הראשונ/ה לתייג את הרשומה!
|
MARC
| LEADER | 00000 a2200000 4500 | ||
|---|---|---|---|
| 003 | CL-VaPUC | ||
| 005 | 20210118122229.0 | ||
| 008 | 210114b ||||| |||| 00| 0 eng d | ||
| 999 | |c 432541 |d 432539 | ||
| 020 | |a 978-956-400-132-6 | ||
| 040 | |c Pontificia Universidad Católica de Valparaíso | ||
| 082 | |a 346.052 TRO 2020 | ||
| 100 | |a Troncoso Larronde, Hernán |9 859418 | ||
| 245 | |a Derecho sucesorio | ||
| 250 | |a Novena edición actualizada | ||
| 260 | |b Thomson Reuters |c 2020 | ||
| 583 | |k Cristina Rojas |c 20210114 | ||
| 650 | |a Derecho sucesorio |9 255015 | ||
| 650 | |a Derecho de familia |9 255603 | ||
| 650 | |a Posesión efectiva |9 486223 | ||
| 852 | |a BIBCUR | ||
| 942 | |2 ddc |c BK | ||
| 952 | |0 0 |1 0 |2 ddc |4 0 |6 346_052000000000000_TRO_2020 |7 0 |8 A |9 577478 |a BIBDER |b BIBDER |d 2021-01-12 |e 31 |g 0.00 |i 5619556 |l 5 |o 346.052 TRO 2020 |p 5619556 |q 2025-06-13 |r 2025-04-25 |s 2025-04-25 |t 1 |v 0.00 |w 2021-01-12 |y BK |k DER | ||